[Event "Colmenarejo Autumn op 25th"]
[Site "Colmenarejo"]
[Date "2018.10.14"]
[Round "5"]
[White "Vizcay Gonzalez, Jose Maria"]
[Black "Fernandez Garcia, Emiliano"]
[Result "0-1"]
[WhiteElo "1316"]
[BlackElo "1545"]
[PlyCount "100"]
[EventDate "2018.09.16"]
[EventType "swiss"]
[EventRounds "7"]
[EventCountry "ESP"]
[SourceTitle "CBM 187 Extra"]
[Source "ChessBase"]
[SourceDate "2018.11.04"]
[SourceVersion "1"]
[SourceVersionDate "2018.11.04"]
[SourceQuality "1"]

1. e4 c5 2. Nf3 e6 3. d4 cxd4 4. Nxd4 a6 5. Nc3 Qc7 6. Bd2 Nf6 7. Bd3 b5 8. 0-0 d6 9. f4 Nbd7 10. Qe2 Bb7 11. Nf3 Be7 12. Rae1 Nc5 13. e5 Nxd3 14. Qxd3 dxe5 15. fxe5 Rd8 16. Qe2 Nd5 17. Kh1 b4 18. Nxd5 Bxd5 19. Bg5 Bxf3 20. Qxf3 Bxg5 21. Qg4 Bh6 22. Qxb4 Bd2 23. Qa4+ Qd7 24. Qxd7+ Rxd7 25. Rd1 Ba5 26. Rxd7 Kxd7 27. Rxf7+ Ke8 28. Rxg7 Rf8 29. h3 Rf7 30. Rg8+ Kd7 31. Ra8 Bc7 32. Rxa6 Rf1+ 33. Kh2 Bxe5+ 34. g3 Rf2+ 35. Kg1 Rxc2 36. Ra7+ Rc7 37. Rxc7+ Kxc7 38. Kg2 Bxb2 39. Kf3 Kd6 40. h4 Kd5 41. Kg4 e5 42. Kf3 Kd4 43. Ke2 h5 44. a4 Bc3 45. g4 hxg4 46. h5 e4 47. h6 g3 48. h7 Kc4 49. Kf1 e3 50. Ke2 g2 0-1

[Event "Colmenarejo Autumn op 25th"]
[Site "Colmenarejo"]
[Date "2018.10.07"]
[Round "4"]
[White "Serrano Martinez, Francisco Jose"]
[Black "Vizcay Gonzalez, Jose Maria"]
[Result "1-0"]
[WhiteElo "1846"]
[BlackElo "1316"]
[PlyCount "29"]
[EventDate "2018.09.16"]
[EventType "swiss"]
[EventRounds "7"]
[EventCountry "ESP"]
[SourceTitle "CBM 187 Extra"]
[Source "ChessBase"]
[SourceDate "2018.11.04"]
[SourceVersion "1"]
[SourceVersionDate "2018.11.04"]
[SourceQuality "1"]

1. e4 Nf6 2. Nc3 d5 3. exd5 Nxd5 4. Bc4 Nxc3 5. bxc3 e6 6. d4 Bd6 7. Nf3 h6 8. Qe2 Qf6 9. 0-0 Nc6 10. Rb1 b6 11. Bb5 Bd7 12. Qe4 Qg6 13. Bxc6 f5 14. Bxd7+ Kxd7 15. Ne5+ 1-0